Outliers: (Record no. 591771)

000 -LEADER
fixed length control field 00433nam a22001337a 4500
020 ## - INTERNATIONAL STANDARD BOOK NUMBER
International Standard Book Number 9787508615158
082 ## - DEWEY DECIMAL CLASSIFICATION NUMBER
Classification number 302
Author Mark GLA
100 ## - MAIN ENTRY--PERSONAL NAME
Personal name Gladwell, Malcolm
245 ## - TITLE STATEMENT
Title Outliers:
Remainder of title The Story of Success (Chinese Edition) /
Statement of responsibility, etc. Malcolm Gladwell : Translated by MeiGe La De Wei Zhu
260 ## - PUBLICATION, DISTRIBUTION, ETC.
Place of publication, distribution, etc. China :
Name of publisher, distributor, etc. CITIC Press,
Date of publication, distribution, etc. 2009.
300 ## - PHYSICAL DESCRIPTION
Extent 259 p. ;
Dimensions 21 cm.
880 ## - ALTERNATE GRAPHIC REPRESENTATION
Linkage 245-02\r
Title 异常值: 成功的故事 /
942 ## - ADDED ENTRY ELEMENTS (KOHA)
Source of classification or shelving scheme
Koha item type Book
Holdings
Withdrawn status Lost status Source of classification or shelving scheme Damaged status Not for loan Permanent Location Current Location Shelving location Date acquired Source of acquisition Total Checkouts Full call number Barcode Date last seen Price effective from Koha item type
          Central Library (CL) Central Library (CL) Chinese Studies 10/13/2022 Donated by China Embassy   302 GLA CL-D-1933 10/13/2022 10/13/2022 Book
© 2023 Central Library, National University of Sciences and Technology. All Rights Reserved.